The Mysore ministers salaries and allowances amendment act, 1953 (Record no. 397735)

000 -LEADER
fixed length control field 00420cam a22001217a 4500
008 - FIXED-LENGTH DATA ELEMENTS--GENERAL INFORMATION
fixed length control field 180718b1953 xxu||||| |||| 00| 0 eng d
082 ## - DEWEY DECIMAL CLASSIFICATION NUMBER
Classification number G1103x5444 M999a
245 ## - TITLE STATEMENT
Title The Mysore ministers salaries and allowances amendment act, 1953
Statement of responsibility, etc. by Legislative Department, Mysore
260 ## - PUBLICATION, DISTRIBUTION, ETC.
Place of publication, distribution, etc. Mysore
Name of publisher, distributor, etc. Legislative Department
Date of publication, distribution, etc. 1953
300 ## - PHYSICAL DESCRIPTION
Extent 2+p
440 ## - SERIES STATEMENT/ADDED ENTRY--TITLE
Title Mysore act no. 19 of 1953
700 ## - ADDED ENTRY--PERSONAL NAME
Personal name Mysore. Legislative Department
Holdings
Withdrawn status Lost status Damaged status Not for loan Permanent Location Current Location Date acquired Full call number Barcode Date last seen Price effective from Koha item type
        Indian Institute of Public Administration Indian Institute of Public Administration 2001-07-10 G1103x5444 M999a 24863 2018-07-21 2018-07-21 Book

Powered by Koha